Leader xxxxxxxxxx
001 __ PCLIS00038954
005 __ 20220117115120.0
010 0_ |a978-986-189-020-3|b精裝
100 __ |a20080325d2007 bc y0chiy09 e
101 0_ |achi
102 __ |atw
105 __ |aa z 000fy
200 1_ |a水蜜桃阿嬤|f郝廣才文|g唐唐圖
205 __ |a初版
210 __ |a臺北市|c格林文化|d2007[民96]
215 0_ |a[28]面|c彩圖|d27公分
300 __ |a《商業周刊》「一個臺灣.兩個世界」關懷系列報導
300 __ |a繪者本名唐壽南
300 __ |a國語注音
330 __ |a《水蜜桃阿嬤》的故事背景,取材自社會新聞中的一則勵志小故事;一位在山村中孤獨生活,栽重水蜜桃的老阿嬤,獨立照顧失親的七個孫輩的感人故事;這類故事每天都發生在我們社會的小角落。他們的生命背景都極其相似;出生卑微而不足人道、沒有顯赫的教育背景,但生命中充滿無私的愛和堅韌的生命力,都在社會的最基層,盡一己之力努力工作奉獻。臺灣也靠這一盞一盞的小燭光點亮著、照耀著,充滿了溫暖呵護與希望之愛。老阿嬤的智慧,不只是崇高無私的慈愛;在教導孫輩的農作勞動中,讓小朋友們透過植物成長過程的學習,體悟生命真諦。「要細心照顧,才能長出優質的水蜜桃。」雖然只是阿嬤栽植水果的信念,又何嘗不是人格成長的相同際遇?在這則小故事中,誰又懷疑老阿嬤不是守護臺灣的現世天使呢? --推薦人:王行恭(國立臺灣師範大學美術系兼任副教授)
333 __ |a3-6歲親子共讀, 6歲以上自己閱讀
681 __ |a859.9|b8526
681 __ |a859.6|b8326 96
700 _1 |a郝|b廣才|4著
801 _0 |atw|b內湖高中|c20080325
801 _2 |atw|b內湖高中|c20220117|gCCR
|